Normal view
MARC view
- DILDAR AHMED
Entry Personal Name
001 - CONTROL NUMBER
- control field: 69938
003 - CONTROL NUMBER IDENTIFIER
- control field: NUST
005 - DATE AND TIME OF LATEST TRANSACTION
- control field: 20210628204331.0
008 - FIXED-LENGTH DATA ELEMENTS
- fixed length control field: 210628|| aca||aabn | a|a d
040 ## - CATALOGING SOURCE
- Original cataloging agency: NUST
- Transcribing agency: NUST
100 ## - HEADING--PERSONAL NAME
- Personal name: DILDAR AHMED
670 ## - SOURCE DATA FOUND
- Source citation: Work cat.: (NUST): DILDAR AHMED, TH-SOF-1652-Numerical Analysis of Energy Flow Dynamics for Energy Efficient Buildings, 2019
